00360 a2200109 450000100060000008200120000610000590001824501120007726000260018930000140021550000210022992221 aPR 2490 aHuda Zahid; Prof Nadeem Shahi and Prof Omer (Advisors) aEmployment of Substructuring Technique for the Structural analysis of the wing of JF-17 Aircrafth78 "A" EC aIslamabadbNUSTc2015 axii,102p. aBE ProjectReport